| 000 | 01371nam0a2200325 i 4500 | ||
|---|---|---|---|
| 001 | RU\NLR\BIBL_A\011467586 | ||
| 005 | 20260408200054.0 | ||
| 010 |
_a9785001150084 _95000 |
||
| 021 |
_aRU _b2017-60181 _94262 |
||
| 035 | _a(RuMoRGB)008994606 | ||
| 035 | _a(NLR Aleph) 011467586 | ||
| 090 |
_a11837361 _c11837361 |
||
| 100 | _a20170907d2017 bm y0rusy50 ca | ||
| 101 | 1 |
_arus _cfre |
|
| 102 | _aRU | ||
| 105 | _aa|||z|||000zy | ||
| 200 | 1 |
_aДомашние животные _e[для чтения взрослыми детям _e1-4 года _fБессон Аньес _gперевод с французского Елизаветы Маслиевой _gиллюстрации Сюрэн] |
|
| 210 |
_aМосква _cClever _cКлевер-Медиа-Групп _d2017 |
||
| 215 |
_a[21] с. _cцв. ил. _d19 |
||
| 225 | 1 | _aГлавная книга малыша | |
| 300 | _aАвт. указан перед вып. дан. | ||
| 606 |
_aДошкольники _xОзнакомление с жизнью домашних животных _3RU\NLR\AUTH\661419105 _92378278 |
||
| 686 |
_aШ9:П5/6(2) _2rubbk |
||
| 686 | 1 | _aЧ491.352.27 | |
| 700 | 1 |
_aБессон _bА. _gАньес _9180158 _3RU\NLR\AUTH\770180209 |
|
| 702 | 1 |
_4440 _aСюрэн _bM. _cхудожник _9180161 _3RU\NLR\AUTH\770180212 |
|
| 942 | _cBOOK | ||
| 980 | _aNBR | ||